Click Countries on the World Map #1 - Statistics

General Stats
  • This quiz has been taken 117 times
  • The average score is 13 of 15
Answers on the Map
Answers color-coded by a green-red scale on the quiz's map according to % correct below.
 
Answer Stats
Answer % Correct
Afghanistan
100%
Albania
100%
Argentina
100%
Armenia
100%
australia
100%
Bahrain
100%
Bolivia
100%
Cambodia
100%
Canada
100%
China
100%
DRC
100%
Egypt
100%
Eritrea
100%
Gabon
100%
Greece
100%
Guinea
100%
Hungary
100%
india
100%
Indonesia
100%
Iran
100%
Kazakstan
100%
Kosovo
100%
Laos
100%
Latvia
100%
Lesotho
100%
Libya
100%
Lithuania
100%
Madagascar
100%
Malaysia
100%
Mexico
100%
Montenegro
100%
Mozambique
100%
Nepal
100%
Norway
100%
Panama
100%
Romania
100%
San Marino
100%
Serbia
100%
Slovakia
100%
South africa
100%
South Korea
100%
South korea
100%
Spain
100%
Switzerland
100%
Thailand
100%
Turkey
100%
Uganda
100%
Ukraine
100%
US
100%
Venezuela
100%
Yemen
100%
Zambia
100%
Zimbabwe
100%
Central African Republic
90%
France
90%
Iraq
90%
Sweden
90%
Brazil
89%
Colombia
89%
Russia
89%
Cyprus
88%
Iceland
88%
North Macedonia
88%
Estonia
86%
Haiti
86%
UK
86%
Myanmar
83%
new zealand
83%
Saudi Arabia
83%
UAE
83%
Vatican City
83%
Algeria
80%
Andorra
80%
Azerbaijan
80%
Belarus
80%
Bulgaria
80%
Chile
80%
italy
80%
malta
80%
Oman
80%
Poland
80%
Somalia
80%
Turkmenistan
80%
Vietnam
80%
Costa Rica
75%
Czechia
75%
Finland
75%
Ireland
75%
Pakistan
75%
sri lanka
75%
Chad
71%
Georgia
71%
Senegal
71%
Austria
67%
Congo
67%
Cuba
67%
Moldova
67%
Portugal
67%
Qatar
67%
Tanzania
67%
Bhutan
60%
North Korea
50%
Dijibouti
40%
Estwani
38%
No matching quizzes found
Score Distribution
Percent of People with Each Score
Percentile by Number Answered
Your Score History
You have not taken this quiz